000 00915nam a2200229 a 4500
003 0
005 20250322101157.0
008 060801s19uu xx 00 eng d
050 _aPGS LB 2838.C55
_b.K49 2006
100 _aKim, Bum Ku.
245 _aEffects of class size on the attitude of Almanza Elementary School teachers towards teaching /
_cBum Ku Kim.
260 _aLas PiƱas City, Philippines :
_bSouthville International School and Colleges,
_c2006.
300 _a44 pages :
_billustrations ;
_c28 cm.
504 _aIncludes bibliographical references.
650 _aClass size
_vEducational aspects.
650 _aTeachers
_vAttitudes.
650 _aElementary school teachers
_vWork environment.
650 _aTeacher-student ratio
_vImpact on teaching.
650 _aEducation, Elementary
_vClass size effects.
650 _aTeaching effectiveness
_vInfluence of class size.
942 _2lcc
_cPASS
999 _c97499
_d97499